<?xml version="1.0" encoding="UTF-8"?><?xml-stylesheet type="text/xsl" href="static/style.xsl"?><OAI-PMH xmlns="http://www.openarchives.org/OAI/2.0/" xmlns:xsi="http://www.w3.org/2001/XMLSchema-instance" xsi:schemaLocation="http://www.openarchives.org/OAI/2.0/ http://www.openarchives.org/OAI/2.0/OAI-PMH.xsd"><responseDate>2026-06-05T14:41:18Z</responseDate><request verb="GetRecord" identifier="oai:riuma.uma.es:10630/11876" metadataPrefix="marc">https://riuma.uma.es/rest/oai/request</request><GetRecord><record><header><identifier>oai:riuma.uma.es:10630/11876</identifier><datestamp>2026-02-03T12:08:21Z</datestamp><setSpec>com_10630_2254</setSpec><setSpec>col_10630_37959</setSpec></header><metadata><record xmlns="http://www.loc.gov/MARC21/slim" xmlns:dcterms="http://purl.org/dc/terms/" xmlns:doc="http://www.lyncode.com/xoai" xmlns:xsi="http://www.w3.org/2001/XMLSchema-instance" xsi:schemaLocation="http://www.loc.gov/MARC21/slim http://www.loc.gov/standards/marcxml/schema/MARC21slim.xsd">
   <leader>00925njm 22002777a 4500</leader>
   <datafield ind2=" " ind1=" " tag="042">
      <subfield code="a">dc</subfield>
   </datafield>
   <datafield ind2=" " ind1=" " tag="720">
      <subfield code="a">Becerra Mena, Ana Fátima</subfield>
      <subfield code="e">author</subfield>
   </datafield>
   <datafield ind2=" " ind1=" " tag="260">
      <subfield code="c">2016-07-21</subfield>
   </datafield>
   <datafield ind2=" " ind1=" " tag="520">
      <subfield code="a">La escuela y los docentes tradicionalmente han puesto el énfasis en cómo enseñar a los y las estudiantes llevados por la obsesión de transmisión de conocimiento.&#xd;
La presente comunicación es una aproximación a mi tesis. Pretendo reflexionar sobre la importancia del papel docente, la consideración del concepto de estilos de enseñanza y aprendizaje, y la  estrecha relación entre el perfil de aprendizaje de los y las discentes y los estilos de enseñanza de los y las profesionales.&#xd;
Mediante la aplicación de dos instrumentos, el Cuestionario Honey-Alonso de Estilos de Aprendizaje y la escala sobre Estilos de Aprendizaje desarrollada por González-Peiteado, López Castedo y Pino-Juste (ESSE) pretendo establecer las posibles relaciones entre mi estilo de aprendizaje y de enseñanza.&#xd;
Así, destaco la importancia del conocimiento del estilo personal de enseñanza para la actividad docente o la complejidad de la dimensión del estilo y de sus elementos configuradores (biografía o hitos vitales).</subfield>
   </datafield>
   <datafield ind1="8" ind2=" " tag="024">
      <subfield code="a">http://hdl.handle.net/10630/11876</subfield>
   </datafield>
   <datafield tag="653" ind2=" " ind1=" ">
      <subfield code="a">Pedagogía</subfield>
   </datafield>
   <datafield tag="653" ind2=" " ind1=" ">
      <subfield code="a">Profesores - Formación profesional</subfield>
   </datafield>
   <datafield ind2="0" ind1="0" tag="245">
      <subfield code="a">Relación entre los estilos de enseñanza y aprendizaje: análisis de mi experiencia</subfield>
   </datafield>
</record>
</metadata></record></GetRecord></OAI-PMH>